000
00322nam a2200133Ia 4500
005
20260328101508.0
008
260328s9999||||xx |||||||||||||| ||und||
100
_a
Kemery,Becky
245
0
_a
Yurts :
_b
Living in the round /
_c
Becky Kemery
260
_b
Gibbs Smith
300
_a
146 p.
650
_a
VIVIENDA
942
_c
BK
999
_c
9113
_d
9113